Score 0/55 Timer 07:00
1 Play Today
% Correct
A
89.9%
Sean Connery
79.8%
Pierce Brosnan
73.7%
And
72%
Daniel Craig
71%
Groucho
70.5%
Titanic (11)
68.9%
Metro–Goldwyn–Mayer
65%
Dana Scully
64.7%
Fox Mulder
61.5%
Carrie Bradshaw
60.5%
Roger Moore
60.2%
Baltic (Whitechapel)
57.8%
Harpo
55.7%
Samantha Jones
54.8%
Timothy Dalton
46.9%
Mediterranean (Old Kent)
45.4%
Miranda Hobbes
44.8%
Barry
43.3%
The Return of the King (11)
42.3%
Charlotte York
42.1%
Wuthering Heights
42.1%
Connecticut (Pentonville)
39.4%
Oriental (The Angel)
38.5%
Zeppo
37.9%
20th Century-Fox
37.5%
Ado
36.2%
Vermont (Euston)
35.3%
% Correct
Paramount
34.6%
As
33.9%
St Charles (Pall Mall)
33.8%
George Lazenby
33%
Warner Bros
32.6%
Universal
31%
St James (Bow)
31%
Chico
30.1%
About
28.6%
Robin
28.1%
Virginia (Northumberland)
26.8%
Tennessee (Marlborough)
26.1%
Maurice
26.1%
Antony
23.7%
Ben-Hur (11)
22.9%
All's
22.7%
Columbia
19.4%
States (Whitehall)
17.3%
Andronicus
14.4%
Gummo
13.8%
RKO Radio Pictures
13.2%
United Artists
10.2%
Athens
6.8%
The English Patient (9)
5.8%
West Side Story (10)
5.8%
Gigi (9)
3.7%
The Last Emperor (9)
3.1%

You're not logged in!

Compare scores with friends on all Sporcle quizzes.
OR
Log In

Sporcle TV

Today on Sporcle TV


Watch our educational content, quiz creation guides, and fun videos on Sporcle TV.

Show Comments

Extras

Top Quizzes Today


Score Distribution

Paid Content

Your Account Isn't Verified!

In order to create a playlist on Sporcle, you need to verify the email address you used during registration. Go to your Sporcle Settings to finish the process.

Report this User

Report this user for behavior that violates our Community Guidelines.

Details: